000
00320nam a2200133Ia 4500
100
_a
Grebane alan B.
942
_c
RB
654
_a
integrated circuit design
245
_a
Bipolor and mos analog integrated circuit design
260
_b
John wiley
_a
Singapore
_c
1991
300
_a
894
546
_a
ENGLISH
999
_c
31867
_d
31867